[Event "6th Femida Cup 2010"]
[Site "Kharkiv UKR"]
[Date "2010.11.23"]
[Round "1"]
[White "Ponomariov, Ruslan"]
[Black "Moiseenko, Alexander"]
[Result "1/2-1/2"]
[WhiteTitle "GM"]
[BlackTitle "GM"]
[WhiteElo "2744"]
[BlackElo "2670"]
[WhiteTeam "PVK Kievchess Kiev"]
[BlackTeam "Law Academy Kharkiv"]
[WhiteFideId "14103320"]
[BlackFideId "14102560"]
[EventDate "2010.11.23"]

1. d4 Nf6 2. Nf3 e6 3. e3 d5 4. c4 c5 5. cxd5 exd5 6. Bb5+ Bd7 7. Bxd7+ Nbxd7 8.
dxc5 Nxc5 9. O-O Be7 10. Nc3 O-O 11. b3 Nce4 12. Ne2 Rc8 13. Bb2 Qa5 14. a3 Qa6
15. Nfd4 Rfd8 16. f3 Nc5 17. Qd2 Bf8 18. Rfd1 Qb6 19. Qb4 Qa6 20. Qd2 Qb6 21.
Rab1 Re8 22. Nf4 Bd6 23. Nd3 a6 24. Nxc5 Bxc5 25. b4 Bf8 26. Rbc1 Rc4 27. Qd3 g6
28. Rxc4 1/2-1/2

[Event "6th Femida Cup 2010"]
[Site "Kharkiv UKR"]
[Date "2010.11.23"]
[Round "1"]
[White "Zherebukh, Yaroslav"]
[Black "Areshchenko, Alexander"]
[Result "0-1"]
[WhiteTitle "GM"]
[BlackTitle "GM"]
[WhiteElo "2573"]
[BlackElo "2661"]
[WhiteTeam "Law Academy Kharkiv"]
[BlackTeam "PVK Kievchess Kiev"]
[WhiteFideId "14116804"]
[BlackFideId "14109530"]
[EventDate "2010.11.23"]

1. e4 c5 2. Nf3 d6 3. d4 cxd4 4. Nxd4 Nf6 5. Nc3 a6 6. h3 e5 7. Nde2 h5 8. Bg5
Be6 9. Ng3 Nbd7 10. Bd3 Be7 11. Qf3 Rc8 12. O-O h4 13. Nge2 Nh5 14. Bxe7 Qxe7
15. Qe3 g5 16. Nd5 Qd8 17. Nec3 Nf4 18. Rfd1 Nf6 19. Nxf6+ Qxf6 20. Bf1 Qe7 21.
Rd2 g4 22. hxg4 Bxg4 23. Nd5 Nxd5 24. exd5 Rg8 25. Re1 f5 26. Qh6 Kd7 27. Re3 f4
28. Rb3 Kd8 29. f3 Bf5 30. c4 h3 31. Rb6 Kc7 32. c5 Rcd8 33. a4 Rg6 34. Qh5 Rg5
35. Qh6 Rg6 36. Qh5 Qf7 37. Qh4 hxg2 38. Bxa6 bxa6 39. Rc6+ Kd7 40. Rxd6+ Rxd6
41. cxd6 Qh7 0-1

[Event "6th Femida Cup 2010"]
[Site "Kharkiv UKR"]
[Date "2010.11.23"]
[Round "1"]
[White "Miroshnichenko, Evgenij"]
[Black "Firman, Nazar"]
[Result "1/2-1/2"]
[WhiteTitle "GM"]
[BlackTitle "IM"]
[WhiteElo "2670"]
[BlackElo "2551"]
[WhiteTeam "PVK Kievchess Kiev"]
[BlackTeam "Law Academy Kharkiv"]
[WhiteFideId "14102595"]
[BlackFideId "14104490"]
[EventDate "2010.11.23"]

1. c4 c5 2. Nc3 g6 3. Nf3 Bg7 4. d4 cxd4 5. Nxd4 Nc6 6. Nxc6 dxc6 7. Qxd8+ Kxd8
8. Be3 Be6 9. O-O-O+ Ke8 10. Bd4 Bxd4 11. Rxd4 c5 12. Rd2 Bxc4 13. b3 Ba6 14. e4
Bxf1 15. Rxf1 Rd8 1/2-1/2

[Event "6th Femida Cup 2010"]
[Site "Kharkiv UKR"]
[Date "2010.11.23"]
[Round "1"]
[White "Jobava, Baadur"]
[Black "Kravtsiv, Martyn"]
[Result "1-0"]
[WhiteTitle "GM"]
[BlackTitle "GM"]
[WhiteElo "2707"]
[BlackElo "2566"]
[WhiteTeam "A DAN DZO-PGMB Chernigov"]
[BlackTeam "Rivne FOREST Zubr Rivne"]
[WhiteFideId "13601520"]
[BlackFideId "14113147"]
[EventDate "2010.11.23"]

1. e4 e5 2. Nf3 Nc6 3. Bc4 Nf6 4. d3 Bc5 5. c3 d6 6. b4 Bb6 7. a4 a6 8. Nbd2 Ne7
9. Bb3 Ng6 10. Nc4 Ba7 11. Be3 O-O 12. Bxa7 Rxa7 13. O-O Be6 14. Re1 h6 15. g3
Re8 16. Ne3 Ra8 17. Bxe6 fxe6 18. Qb3 Qd7 19. b5 b6 20. Nc4 Qf7 21. Ncd2 Qd7 22.
Kg2 Ra7 23. d4 Rea8 24. c4 axb5 25. cxb5 Qf7 26. dxe5 dxe5 27. Rec1 Nd7 28. h4
Qe7 29. Rc6 Ngf8 30. Qc2 Nc5 31. Nb3 Nfd7 32. a5 Nxb3 33. Qxb3 bxa5 34. Rxe6 Qf7
35. Qa2 a4 36. Nxe5 Nxe5 37. Rxe5 a3 38. Rc5 Re8 39. e5 Qxa2 40. Rxa2 Rd8 41.
Rc3 Rd5 42. f4 Rxb5 43. Raxa3 Rxa3 44. Rxa3 Rc5 45. h5 Rc1 46. Kf3 c5 47. Ra8+
Kf7 48. Ra7+ Kf8 49. Ke4 Rg1 50. Kd5 Rxg3 51. Ke6 Kg8 52. Ra8+ Kh7 53. Kf7 c4
54. e6 Rf3 55. e7 Rxf4+ 56. Ke6 Re4+ 57. Kd6 1-0

[Event "6th Femida Cup 2010"]
[Site "Kharkiv UKR"]
[Date "2010.11.23"]
[Round "1"]
[White "Gasanov, Eldar"]
[Black "Korobov, Anton"]
[Result "1/2-1/2"]
[WhiteTitle "GM"]
[BlackTitle "GM"]
[WhiteElo "2488"]
[BlackElo "2684"]
[WhiteTeam "Rivne FOREST Zubr Rivne"]
[BlackTeam "A DAN DZO-PGMB Chernigov"]
[WhiteFideId "14104466"]
[BlackFideId "14105730"]
[EventDate "2010.11.23"]

1. d4 d5 2. c4 e6 3. Nf3 Nf6 4. g3 c5 5. cxd5 exd5 6. Bg2 Nc6 7. O-O Be7 8. Nc3
O-O 9. dxc5 Bxc5 10. a3 h6 11. b4 Be7 12. Bb2 Re8 13. e3 Bg4 14. h3 Bf5 15. Nd4
Be6 16. Nxe6 fxe6 17. Qb3 a5 18. b5 a4 19. Qa2 Na5 20. e4 Nc4 21. exd5 Nxb2 22.
Qxb2 exd5 23. Rad1 Kh8 24. Nxd5 Nxd5 25. Rxd5 Qb6 26. Rd7 Qc5 27. Bxb7 Rab8 28.
Rc1 Qxa3 29. Qxa3 Bxa3 30. Ra1 Re7 31. Bc6 Rxd7 32. Bxd7 Bc5 33. Rxa4 Rf8 34.
Ra2 g5 35. Rc2 Bd4 36. Kg2 Kg7 37. Bg4 Bb6 38. Rd2 Rf6 39. Rd7+ Kf8 40. Rd2 Ke7
41. Re2+ Kd6 42. f4 gxf4 43. gxf4 h5 44. Bxh5 Rxf4 45. Bg4 Kc5 46. Bd7 Rd4 47.
Rc2+ Rc4 48. Re2 Rd4 49. Bc6 Kd6 50. Kg3 Bd8 51. Re8 Bf6 52. Rg8 Rb4 53. Re8
Be5+ 54. Kf3 Rf4+ 55. Ke3 Rb4 56. Rd8+ Ke6 57. Rd3 Kf6 58. Bd7 Bf4+ 59. Kf3 Be5
60. Ra3 Bd6 61. Ra6 Ke5 62. Ra8 Bc5 63. Re8+ Kf6 64. Re6+ Kg7 65. Re5 Bb6 66.
Bg4 Rb3+ 67. Ke2 Rb4 68. Kd3 Kf7 69. Rd5 Kg7 70. Kc3 Ba5 71. Kd3 Bb6 72. Bd7 Kf7
73. Kc3 Ba5 74. Kc2 Ke7 75. Bc6 Bb6 76. Rh5 Kf6 77. Be8 Ke7 78. Bg6 Bd4 79. Kd3
Bb6 80. Kc3 Ba5 81. Kc2 Bb6 82. Bd3 Bd4 83. h4 Rb2+ 84. Kc1 Rh2 85. Kd1 Kd6 86.
Be4 Ke6 87. Rd5 Be5 88. b6 Rb2 89. b7 Rxb7 90. Rxe5+ 1/2-1/2

[Event "6th Femida Cup 2010"]
[Site "Kharkiv UKR"]
[Date "2010.11.23"]
[Round "1"]
[White "Volokitin, Andrei"]
[Black "Iakymov, Volodymyr"]
[Result "1-0"]
[WhiteTitle "GM"]
[BlackTitle "IM"]
[WhiteElo "2676"]
[BlackElo "2494"]
[WhiteTeam "A DAN DZO-PGMB Chernigov"]
[BlackTeam "Rivne FOREST Zubr Rivne"]
[WhiteFideId "14107090"]
[BlackFideId "14110164"]
[EventDate "2010.11.23"]

1. e4 e6 2. d4 d5 3. Nc3 Nf6 4. e5 Nfd7 5. f4 c5 6. Nf3 Nc6 7. Be3 cxd4 8. Nxd4
Bc5 9. Qd2 a6 10. O-O-O Nxd4 11. Bxd4 b5 12. Ne4 Be7 13. Nd6+ Bxd6 14. exd6 Nf6
15. g4 Ne4 16. Qe3 O-O 17. Bd3 Nxd6 18. Qh3 f5 19. Rhg1 Rf7 20. gxf5 Nxf5 21.
Bxf5 exf5 22. Bxg7 Rxg7 23. Rxg7+ Kxg7 24. Rg1+ Kh8 25. Qe3 1-0

[Event "6th Femida Cup 2010"]
[Site "Kharkiv UKR"]
[Date "2010.11.23"]
[Round "1"]
[White "Ivanov, Oleg V"]
[Black "Zhigalko, Sergei"]
[Result "1/2-1/2"]
[WhiteTitle "IM"]
[BlackTitle "GM"]
[WhiteElo "2494"]
[BlackElo "2665"]
[WhiteTeam "Rivne FOREST Zubr Rivne"]
[BlackTeam "A DAN DZO-PGMB Chernigov"]
[WhiteFideId "14110709"]
[BlackFideId "13502956"]
[EventDate "2010.11.23"]

1. e4 c5 2. Nf3 d6 3. d4 cxd4 4. Nxd4 Nf6 5. f3 e5 6. Nb3 Be6 7. c4 a5 8. Be3 a4
9. Nc1 Be7 10. Nc3 a3 11. Qd2 O-O 12. b4 Nc6 13. Nd5 Bxd5 14. cxd5 Nd4 15. Ne2
Nh5 16. Nxd4 exd4 17. Bxd4 Bg5 18. Qf2 f5 19. Bd3 Nf4 20. Bc2 Rc8 21. O-O Qc7
22. Bb3 fxe4 23. Kh1 Qe7 24. Qe1 exf3 25. Rxf3 Ne2 26. Rd1 Rxf3 27. gxf3 Nxd4
28. Qxe7 Bxe7 29. Rxd4 Rc3 30. Rc4 Rxf3 31. Rc8+ Kf7 32. Rb8 Bf6 33. Rxb7+ Kg6
34. Ra7 h5 35. Rxa3 Kg5 36. b5 Bd4 37. Ra4 Rf1+ 38. Kg2 Rf2+ 39. Kh1 Rf1+ 40.
Kg2 Rf2+ 41. Kh1 Rf1+ 1/2-1/2

[Event "6th Femida Cup 2010"]
[Site "Kharkiv UKR"]
[Date "2010.11.24"]
[Round "2"]
[White "Miroshnichenko, Evgenij"]
[Black "Volokitin, Andrei"]
[Result "1/2-1/2"]
[WhiteTitle "GM"]
[BlackTitle "GM"]
[WhiteElo "2670"]
[BlackElo "2676"]
[WhiteTeam "PVK Kievchess Kiev"]
[BlackTeam "A DAN DZO-PGMB Chernigov"]
[WhiteFideId "14102595"]
[BlackFideId "14107090"]
[EventDate "2010.11.23"]

1. d4 d5 2. Nf3 Nf6 3. c4 c6 4. e3 g6 5. b4 Bg4 6. Nbd2 Ne4 7. cxd5 Nxd2 8. Bxd2
cxd5 9. Qa4+ Nd7 10. Ne5 Bf5 11. e4 dxe4 12. Bc4 Be6 13. d5 Bf5 14. d6 Bg7 15.
Nxf7 b5 16. Qd1 Qb6 17. Bb3 Qd4 18. Nxh8 Qxa1 19. Qxa1 Bxa1 20. Nf7 Bf6 21. h3
Nb6 22. g4 Nc4 23. gxf5 Kxf7 24. fxg6+ Kxg6 25. dxe7 Nxd2 26. Kxd2 Bxe7 27. Bc2
Bxb4+ 28. Ke2 Kf5 29. Rb1 a5 30. a3 1/2-1/2

[Event "6th Femida Cup 2010"]
[Site "Kharkiv UKR"]
[Date "2010.11.24"]
[Round "2"]
[White "Zhigalko, Sergei"]
[Black "Kuzubov, Yuriy"]
[Result "0-1"]
[WhiteTitle "GM"]
[BlackTitle "GM"]
[WhiteElo "2665"]
[BlackElo "2633"]
[WhiteTeam "A DAN DZO-PGMB Chernigov"]
[BlackTeam "PVK Kievchess Kiev"]
[WhiteFideId "13502956"]
[BlackFideId "14112906"]
[EventDate "2010.11.23"]

1. e4 e6 2. d4 d5 3. Nc3 Bb4 4. e5 b6 5. a3 Bxc3+ 6. bxc3 Qd7 7. a4 Ba6 8. Bd3
Bxd3 9. cxd3 Ne7 10. Qg4 Nf5 11. Nf3 Nc6 12. Bg5 h6 13. Qh5 Rg8 14. Bf4 O-O-O
15. g4 Nfe7 16. Bg3 Rdf8 17. O-O Qe8 18. Qh3 Rh8 19. Rfe1 h5 20. gxh5 Nf5 21.
Qg4 Rfg8 22. Kf1 Kb7 23. Ra2 a5 24. Rb2 Qe7 25. Rb3 g6 26. hxg6 Rxg6 27. Qf4 f6
28. c4 fxe5 29. Nxe5 Nxe5 30. Qxe5 Rh5 31. Bf4 Ng3+ 32. Bxg3 Rxe5 33. Rxe5 Qd7
34. cxd5 Qxa4 35. Rb1 Qxd4 36. Rbe1 Qxd3+ 37. Kg1 exd5 38. Re7 Qc3 39. Rd1 Rg7
40. Re3 Qc4 41. Red3 Rd7 42. Rd4 Qe2 43. h4 c5 44. R4d2 Qg4 45. Rb1 d4 46. Rdb2
Rd6 47. Re1 Re6 0-1

[Event "6th Femida Cup 2010"]
[Site "Kharkiv UKR"]
[Date "2010.11.24"]
[Round "2"]
[White "Gasanov, Eldar"]
[Black "Firman, Nazar"]
[Result "1-0"]
[WhiteTitle "GM"]
[BlackTitle "IM"]
[WhiteElo "2488"]
[BlackElo "2551"]
[WhiteTeam "Rivne FOREST Zubr Rivne"]
[BlackTeam "Law Academy Kharkiv"]
[WhiteFideId "14104466"]
[BlackFideId "14104490"]
[EventDate "2010.11.23"]

1. d4 f5 2. g3 Nf6 3. Bg2 d6 4. Nf3 g6 5. O-O Bg7 6. c4 O-O 7. Nc3 Qe8 8. Nd5
Nxd5 9. cxd5 Nd7 10. Ng5 Nb6 11. Qc2 h6 12. Ne6 Bxe6 13. dxe6 c6 14. e4 Rc8 15.
h4 d5 16. exd5 cxd5 17. Qe2 Qa4 18. b3 Qxd4 19. Rb1 Qc5 20. a4 Rfd8 21. Bd2 Rc6
22. Rbc1 Qa3 23. a5 Nc8 24. Qb5 Nd6 25. Qxd5 Rdc8 26. Rxc6 bxc6 27. Qd3 Rb8 28.
Qa6 Bd4 29. Qxc6 Qxb3 1-0

[Event "6th Femida Cup 2010"]
[Site "Kharkiv UKR"]
[Date "2010.11.24"]
[Round "2"]
[White "Aveskulov, Valeriy"]
[Black "Iakymov, Volodymyr"]
[Result "1/2-1/2"]
[WhiteTitle "GM"]
[BlackTitle "IM"]
[WhiteElo "2538"]
[BlackElo "2494"]
[WhiteTeam "Law Academy Kharkiv"]
[BlackTeam "Rivne FOREST Zubr Rivne"]
[WhiteFideId "14109743"]
[BlackFideId "14110164"]
[EventDate "2010.11.23"]

1. e4 e6 2. d4 d5 3. Nc3 Nf6 4. Bg5 Bb4 5. exd5 Qxd5 6. Bxf6 gxf6 7. Ne2 Nc6 8.
a3 Bxc3+ 9. Nxc3 Qxd4 10. Qxd4 Nxd4 11. O-O-O c5 12. Ne4 Ke7 13. Nxc5 e5 14. c3
Ne6 15. Ne4 Rd8 16. Bb5 f5 17. Rxd8 Nxd8 18. Nd2 a6 19. Ba4 b5 20. Bc2 Kf6 21.
Nf1 Be6 22. Ne3 Nc6 23. Rf1 Kg5 24. h4+ Kxh4 25. Nxf5+ Kg5 26. Ng7 Bd7 27. Rh1
f5 28. Rd1 Ra7 29. Rd6 e4 30. Ne6+ Bxe6 31. Rxe6 Nd8 32. Re8 Nf7 33. a4 Nh6 34.
Kd2 Ng4 35. Ke2 Rb7 36. f3 Nf6 37. Re5 bxa4 38. fxe4 Rxb2 39. Rxf5+ Kg4 40. Kd1
a3 41. Ra5 Ra2 42. e5 Ra1+ 43. Kd2 Ng8 44. Bxh7 Ne7 45. Rxa6 a2 46. Ra4+ Kg5 47.
Bc2 Rg1 48. Rxa2 Rxg2+ 49. Kd3 Nc6 50. e6 Kf6 51. Bb3 Rg3+ 52. Ke4 Rxc3 53. Rf2+
Ke7 54. Rf7+ Ke8 55. Rb7 Kf8 56. Rf7+ Ke8 57. Rb7 Kf8 58. Rf7+ Ke8 59. Bd1 Rc5
60. Kf4 Rc4+ 61. Kg5 Re4 62. Kf6 Rxe6+ 63. Kxe6 Nd8+ 1/2-1/2

[Event "6th Femida Cup 2010"]
[Site "Kharkiv UKR"]
[Date "2010.11.24"]
[Round "2"]
[White "Ivanov, Oleg V"]
[Black "Onischuk, Vladimir"]
[Result "1/2-1/2"]
[WhiteTitle "IM"]
[BlackTitle "IM"]
[WhiteElo "2494"]
[BlackElo "2505"]
[WhiteTeam "Rivne FOREST Zubr Rivne"]
[BlackTeam "Law Academy Kharkiv"]
[WhiteFideId "14110709"]
[BlackFideId "14114038"]
[EventDate "2010.11.23"]

1. e4 d5 2. exd5 Nf6 3. Nf3 Nxd5 4. d4 g6 5. Be2 Bg7 6. O-O O-O 7. c4 Nb6 8. Nc3
Nc6 9. d5 Ne5 10. c5 Nxf3+ 11. Bxf3 Nc4 12. Be2 Ne5 13. Be3 b6 14. f4 Nd7 15. c6
Nf6 16. g4 Kh8 17. g5 Ne8 18. Bf3 Nd6 19. h4 h5 20. Bg2 Bg4 21. Qa4 a6 22. Rae1
Re8 23. Bf2 Kh7 24. Qc2 Bf5 25. Qd2 Nc4 26. Qe2 Nd6 27. Qd2 Nc4 28. Qe2 b5 29.
Nd1 e5 30. b3 Nd6 31. Qd2 exf4 32. Rxe8 Qxe8 33. Re1 Qh8 34. Qxf4 Re8 35. Rxe8
Qxe8 36. Qe3 Ne4 37. Bxe4 Qxe4 38. Qxe4 Bxe4 39. d6 Bxc6 40. dxc7 Bb7 41. Ne3
Be5 42. Nd5 Kg7 43. Bc5 1/2-1/2

[Event "6th Femida Cup 2010"]
[Site "Kharkiv UKR"]
[Date "2010.11.25"]
[Round "3"]
[White "Moiseenko, Alexander"]
[Black "Korobov, Anton"]
[Result "1-0"]
[WhiteTitle "GM"]
[BlackTitle "GM"]
[WhiteElo "2670"]
[BlackElo "2684"]
[WhiteTeam "Law Academy Kharkiv"]
[BlackTeam "A DAN DZO-PGMB Chernigov"]
[WhiteFideId "14102560"]
[BlackFideId "14105730"]
[EventDate "2010.11.23"]

1. d4 d5 2. c4 c6 3. Nf3 Nf6 4. Nc3 e6 5. Bg5 h6 6. Bxf6 Qxf6 7. e3 g6 8. Be2
Bg7 9. O-O O-O 10. e4 dxe4 11. Nxe4 Qf4 12. Qc2 f5 13. Nc5 Bxd4 14. Nd3 Qd6 15.
c5 Qd8 16. Nf4 Bg7 17. Nxg6 Re8 18. Nfe5 Nd7 19. Rad1 Qc7 20. Nc4 Nf6 21. Nd6
Rd8 22. Bc4 Nd5 23. Rfe1 Rxd6 24. cxd6 Qxd6 25. Bxd5 cxd5 26. Rc1 e5 27. Qc7
Qxg6 28. Qd8+ Kh7 29. Rxc8 Rxc8 30. Qxc8 f4 31. Qxb7 f3 32. g3 Qd3 33. Qb3 Qxb3
34. axb3 e4 35. Ra1 d4 36. Rxa7 Kg6 37. b4 e3 38. fxe3 1-0

[Event "6th Femida Cup 2010"]
[Site "Kharkiv UKR"]
[Date "2010.11.25"]
[Round "3"]
[White "Aveskulov, Valeriy"]
[Black "Zhigalko, Sergei"]
[Result "1/2-1/2"]
[WhiteTitle "GM"]
[BlackTitle "GM"]
[WhiteElo "2538"]
[BlackElo "2665"]
[WhiteTeam "Law Academy Kharkiv"]
[BlackTeam "A DAN DZO-PGMB Chernigov"]
[WhiteFideId "14109743"]
[BlackFideId "13502956"]
[EventDate "2010.11.23"]

1. e4 c5 2. Nf3 Nc6 3. Bb5 Nf6 4. Nc3 Qc7 5. O-O Nd4 6. Re1 a6 7. Bf1 Ng4 8. g3
Nxf3+ 9. Qxf3 Ne5 10. Qe3 e6 11. b3 d6 12. Bb2 Be7 13. Bg2 Bf6 14. Nd1 h5 15. f4
Ng4 16. Qe2 Bxb2 17. Nxb2 e5 18. Nc4 Be6 19. c3 O-O-O 20. h3 Nf6 21. Ne3 Kb8 22.
f5 Bd7 23. c4 Bc6 24. Qd3 g5 25. a3 h4 26. g4 b6 27. Nd5 Nxd5 28. cxd5 Bb5 29.
Qe3 f6 30. Rec1 Rc8 31. b4 Ba4 32. Rab1 Ka8 33. Rc3 Qa7 34. Bf1 c4 35. Rbc1 b5
36. Qxa7+ Kxa7 37. d3 Kb6 38. dxc4 bxc4 39. Rxc4 Rxc4 40. Rxc4 Bd7 41. Kf2 Rc8
42. Rxc8 Bxc8 43. Ke3 a5 44. Kd2 axb4 45. axb4 Bd7 46. Kc3 Be8 47. Bd3 Bd7 48.
Kb3 Be8 1/2-1/2

[Event "6th Femida Cup 2010"]
[Site "Kharkiv UKR"]
[Date "2010.11.25"]
[Round "3"]
[White "Kravtsiv, Martyn"]
[Black "Areshchenko, Alexander"]
[Result "1/2-1/2"]
[WhiteTitle "GM"]
[BlackTitle "GM"]
[WhiteElo "2566"]
[BlackElo "2661"]
[WhiteTeam "Rivne FOREST Zubr Rivne"]
[BlackTeam "PVK Kievchess Kiev"]
[WhiteFideId "14113147"]
[BlackFideId "14109530"]
[EventDate "2010.11.23"]

1. e4 c5 2. Nf3 d6 3. d4 cxd4 4. Nxd4 Nf6 5. Nc3 a6 6. Be3 e5 7. Nb3 Be6 8. f4
exf4 9. Bxf4 Be7 10. Qd2 Nc6 11. O-O-O Ne5 12. Nd4 O-O 13. Nf5 Bxf5 14. exf5 b5
15. Kb1 b4 16. Nd5 Nxd5 17. Qxd5 Qc7 18. Be2 a5 19. g4 Rfc8 20. Rc1 a4 21. c4
Ra5 22. Qe4 Rc5 23. Rhd1 Nxc4 24. Rxc4 Rxc4 25. Bxc4 Qxc4 26. Qxc4 Rxc4 27. Bxd6
Bg5 28. h4 Bxh4 29. Rc1 Rxc1+ 30. Kxc1 b3 31. axb3 axb3 32. Kd2 Bf6 33. Kd3 g6
34. fxg6 fxg6 35. Kc4 Kf7 36. Kxb3 Ke6 37. Bc7 Kd5 38. Kc2 h5 1/2-1/2

[Event "6th Femida Cup 2010"]
[Site "Kharkiv UKR"]
[Date "2010.11.25"]
[Round "3"]
[White "Miroshnichenko, Evgenij"]
[Black "Gasanov, Eldar"]
[Result "1/2-1/2"]
[WhiteTitle "GM"]
[BlackTitle "GM"]
[WhiteElo "2670"]
[BlackElo "2488"]
[WhiteTeam "PVK Kievchess Kiev"]
[BlackTeam "Rivne FOREST Zubr Rivne"]
[WhiteFideId "14102595"]
[BlackFideId "14104466"]
[EventDate "2010.11.23"]

1. d4 d5 2. Nf3 Nf6 3. c4 c6 4. e3 e6 5. Bd3 dxc4 6. Bxc4 Nbd7 7. O-O Bd6 8.
Nbd2 O-O 9. Bb3 c5 10. Qe2 cxd4 11. exd4 Nb6 12. Ne5 Nbd5 13. Ne4 Be7 14. Nc3
Bd7 15. Rd1 Rc8 16. Rd3 Nxc3 17. bxc3 Bb5 18. c4 Ba6 19. Bb2 Nd7 20. d5 Nxe5 21.
Bxe5 exd5 22. Qb2 f6 23. Rxd5 Qe8 24. Bd4 Bxc4 25. Bxc4 Rxc4 26. Bxa7 Qc6 27.
Rb5 Rc8 28. g3 Rc1+ 29. Rxc1 Qxc1+ 30. Qxc1 Rxc1+ 31. Kg2 Rc2 32. Rxb7 Kf8 33.
a4 Ra2 34. Rb8+ Kf7 35. Rb7 Rxa4 1/2-1/2

[Event "6th Femida Cup 2010"]
[Site "Kharkiv UKR"]
[Date "2010.11.25"]
[Round "3"]
[White "Nyzhnyk, Illya"]
[Black "Ivanov, Oleg V"]
[Result "1/2-1/2"]
[WhiteTitle "IM"]
[BlackTitle "IM"]
[WhiteElo "2535"]
[BlackElo "2494"]
[WhiteTeam "PVK Kievchess Kiev"]
[BlackTeam "Rivne FOREST Zubr Rivne"]
[WhiteFideId "14118084"]
[BlackFideId "14110709"]
[EventDate "2010.11.23"]

1. d4 d5 2. c4 c6 3. Nf3 Nf6 4. e3 a6 5. Nc3 b5 6. b3 Bg4 7. Qc2 Bxf3 8. gxf3 e6
9. Bd3 Be7 10. Bb2 O-O 11. c5 g6 12. Ne2 Nh5 13. f4 Nd7 14. Ng1 a5 15. Nf3 Ng7
16. O-O-O f5 17. h4 Nf6 18. Ne5 Qe8 19. Rdg1 Nfh5 20. Be2 Bf6 21. Nf3 Ra7 22.
Qd1 Kh8 23. Nd2 Rg8 24. Kc2 Rf8 25. Bc1 Rff7 26. Nf3 Rf8 27. Ng5 Bd8 28. Qf1
Bxg5 29. hxg5 Rff7 30. Qg2 Rfb7 31. Rh4 Re7 32. Bd3 Rf7 33. Re1 Rf8 34. f3 a4
35. b4 Re7 36. e4 Qd7 37. Kc3 Rd8 38. Qf2 Kg8 39. exd5 exd5 40. Re5 Rde8 41. Rh1
Re6 42. Rhe1 R8e7 43. Rh1 Kf8 44. Qh4 Ke8 45. Rhe1 Kd8 46. a3 Kc7 47. Rg1 Qe8
48. Rge1 Qf7 49. Rg1 Re8 50. Bf1 R6e7 51. Bh3 Ne6 52. Rh1 Nf8 53. Rhe1 Ng7 54.
Bd2 Nge6 55. Kd3 Nd7 56. R5e3 Nef8 57. Bf1 Rxe3+ 58. Bxe3 Ne6 59. Bf2 Re7 60.
Qh2 Kd8 61. Kc3 Ke8 62. Bd3 Kf8 63. Be3 Kg8 64. Bd2 Ng7 65. Rh1 Nf8 66. Qf2 Nh5
67. Rh4 Ne6 68. Bc2 Neg7 69. Kd3 Qe8 70. Bd1 Kf7 71. Qg1 Ne6 72. Qf2 Qb8 73. Qh2
Qh8 74. Qf2 Qg7 75. Kc3 Qh8 76. Bc2 Neg7 77. Bb1 Qb8 78. Bc2 Ke8 79. Bb1 Kd8 80.
Qh2 Qc8 81. Bc2 Qe6 82. Bd3 Kc7 83. Qf2 Kb7 84. Qh2 Qf7 85. Bc2 Qe8 86. Kd3 Ne6
87. Qf2 Kc8 88. Bd1 Kd8 89. Bc2 Kd7 90. Qg1 Qb8 91. Qh2 h6 92. Kc3 Qh8 93. Qf2
Nhxf4 94. Rxh6 Rh7 95. Bxf4 Rxh6 96. Be5 Qh7 97. gxh6 Qxh6 98. Kb2 Ke7 99. f4
Qh3 100. Bd1 Qd3 101. Qe2 Qxe2+ 102. Bxe2 Kd7 103. Kc3 Kc8 104. Kd3 Kd7 105. Ke3
Kc8 106. Kf3 Kd7 107. Kg3 Ke7 108. Kh4 Kf7 109. Bd3 Ke7 110. Bxf5 gxf5 111. Kh5
Kf7 112. Kh6 Nf8 113. Kg5 Ke6 114. Bg7 Nd7 115. Kg6 Nb8 116. Bf6 Na6 117. Bh4
Nc7 118. Kg7 Kd7 119. Kf6 Ne6 120. Ke5 Ng7 121. Bf6 Nh5 122. Kxf5 Ng3+ 123. Ke5
Nf1 124. f5 Nd2 125. Bg5 Nc4+ 126. Kf6 Nxa3 127. Kg6 Nc2 128. f6 Nxd4 129. f7
Ne6 130. Bf6 a3 131. Kh7 a2 132. Kg8 d4 133. Bxd4 Nxd4 134. f8=Q a1=Q 135. Qf7+
Kd8 136. Qf8+ Kd7 137. Qf7+ 1/2-1/2